[Event "Verona-chT Serie A2/3 51st"]
[Site "Verona"]
[Date "2019.03.17"]
[Round "4.4"]
[White "Giraldi, Edoardo"]
[Black "Turrin, Osvaldo"]
[Result "1-0"]
[WhiteElo "1651"]
[BlackElo "1996"]
[PlyCount "99"]
[EventDate "2019.03.15"]
[EventType "team-tourn"]
[EventRounds "5"]
[EventCountry "ITA"]
[SourceTitle "EXT 2022"]
[Source "ChessBase"]
[SourceDate "2021.10.06"]
[SourceVersion "1"]
[SourceVersionDate "2021.10.06"]
[SourceQuality "1"]
[WhiteTeam "Montebelluna A2"]
[BlackTeam "Maniago"]
[WhiteTeamCountry "ITA"]
[BlackTeamCountry "ITA"]

1. e4 c6 2. d4 d5 3. e5 Bf5 4. h4 h6 5. g4 Be4 6. f3 Bh7 7. e6 fxe6 8. Bd3 Bxd3 9. Qxd3 Nf6 10. f4 Qa5+ 11. c3 Ne4 12. Nd2 Nxd2 13. Bxd2 Nd7 14. Nf3 0-0-0 15. Ne5 Nxe5 16. fxe5 Qb5 17. Qxb5 cxb5 18. Rf1 g5 19. h5 Kd7 20. 0-0-0 Bg7 21. Rf7 Rhg8 22. Rdf1 Rdf8 23. Rxf8 Rxf8 24. Rxf8 Bxf8 25. Kc2 Kc6 26. Kb3 b6 27. a4 a6 28. Kb4 Bg7 29. b3 Bf8 30. axb5+ axb5 31. c4 bxc4 32. bxc4 Bg7 33. Bc3 Bf8 34. Bb2 Bg7 35. Ba3 Bf8 36. Kc3 Kb7 37. c5 b5 38. Kb4 Kc6 39. Ka5 Bg7 40. Bb4 Bh8 41. Ka6 Bg7 42. Ka7 Kc7 43. Ba3 Bh8 44. Ka6 Kc6 45. Ka7 Kc7 46. c6 Bg7 47. Ka6 Kxc6 48. Bxe7 Kd7 49. Bd6 Kc6 50. Ka5 1-0

[Event "Ortisei Server24 op 1st"]
[Site "Ortisei"]
[Date "2012.06.07"]
[Round "6"]
[White "Turrin, Osvaldo"]
[Black "Zucchelli, Massimo"]
[Result "0-1"]
[WhiteElo "2036"]
[BlackElo "2169"]
[PlyCount "104"]
[EventDate "2012.06.02"]
[EventType "swiss"]
[EventRounds "9"]
[EventCountry "ITA"]
[SourceTitle "EXT 2014"]
[Source "ChessBase"]
[SourceDate "2013.11.20"]
[SourceVersion "1"]
[SourceVersionDate "2013.11.20"]
[SourceQuality "1"]

1. c4 e6 2. Nc3 Nf6 3. g3 d5 4. d4 dxc4 5. Bg2 c6 6. a4 Bb4 7. Nf3 0-0 8. 0-0 Nbd7 9. Qc2 Qe7 10. Na2 Bd6 11. Qxc4 e5 12. Nc3 exd4 13. Nxd4 Ne5 14. Qb3 Bc5 15. Nf3 Nxf3+ 16. exf3 Be6 17. Qc2 Bc4 18. Rd1 Qe6 19. Ne4 Nxe4 20. Qxe4 Qxe4 21. fxe4 Rad8 22. Bf4 Bb3 23. Re1 Bd4 24. Re2 f6 25. h4 Rfe8 26. Bf3 Be5 27. Bxe5 fxe5 28. Re3 Be6 29. Rd1 c5 30. Red3 Rd4 31. Rxd4 exd4 32. b4 cxb4 33. Rxd4 a5 34. e5 b3 35. Bd5 b2 36. Bxe6+ Rxe6 37. Rd1 Rxe5 38. Rb1 Re2 39. Kg2 Kf7 40. Kf3 Rc2 41. Ke3 Ke6 42. Kd3 Rxf2 43. Kc3 Kf5 44. Kc4 Ke4 45. Re1+ Kf3 46. Kb5 Rc2 47. Rb1 Ke3 48. Kxa5 Kd3 49. Kb4 Rc6 50. Ka3 Rb6 51. Rxb2 Rxb2 52. Kxb2 Kc4 0-1

[Event "Latschach op 25th"]
[Site "Latschach"]
[Date "2009.08.12"]
[Round "6"]
[White "Turrin, Osvaldo"]
[Black "Kock, Hans Uwe"]
[Result "1/2-1/2"]
[WhiteElo "1984"]
[BlackElo "2155"]
[PlyCount "49"]
[EventDate "2009.08.08"]
[EventType "swiss"]
[EventRounds "9"]
[EventCountry "AUT"]
[SourceTitle "CBM 131 Extra"]
[Source "ChessBase"]
[SourceDate "2009.09.03"]
[SourceVersion "2"]
[SourceVersionDate "2009.09.16"]
[SourceQuality "1"]

1. d4 Nf6 2. Nf3 d6 3. c4 g6 4. Nc3 Bg7 5. Bg5 Nbd7 6. e3 h6 7. Bh4 c6 8. Be2 0-0 9. Qc2 Re8 10. 0-0 e5 11. h3 Qc7 12. Rfd1 Nf8 13. dxe5 dxe5 14. Rd2 Bf5 15. Qb3 Ne4 16. Nxe4 Bxe4 17. Rad1 c5 18. Ne1 Bc6 19. Bg3 Ne6 20. Bf3 Rad8 21. Bxc6 Qxc6 22. Nf3 Rxd2 23. Rxd2 Nf8 24. Rd5 e4 25. Ne5 1/2-1/2

[Event "Latschach op 25th"]
[Site "Latschach"]
[Date "2009.08.09"]
[Round "3"]
[White "Revelant, Stefan"]
[Black "Turrin, Osvaldo"]
[Result "1/2-1/2"]
[WhiteElo "2108"]
[BlackElo "1984"]
[PlyCount "92"]
[EventDate "2009.08.08"]
[EventType "swiss"]
[EventRounds "9"]
[EventCountry "AUT"]
[SourceTitle "CBM 131 Extra"]
[Source "ChessBase"]
[SourceDate "2009.09.03"]
[SourceVersion "2"]
[SourceVersionDate "2009.09.16"]
[SourceQuality "1"]

1. e4 e5 2. Nf3 Nc6 3. Bb5 a6 4. Ba4 Nf6 5. 0-0 Be7 6. Re1 b5 7. Bb3 0-0 8. c3 d6 9. h3 Nb8 10. d3 Re8 11. Nbd2 Bf8 12. Nf1 Nbd7 13. a4 Bb7 14. axb5 axb5 15. Rxa8 Bxa8 16. Ng5 Re7 17. Ne3 g6 18. Bxf7+ Rxf7 19. Qb3 Qe8 20. Nxf7 Qxf7 21. Qxb5 Nc5 22. Rd1 Bb7 23. b4 c6 24. Qc4 d5 25. exd5 cxd5 26. Qa2 Ne6 27. Nf1 Nh5 28. Qe2 Bd6 29. Nh2 Nhf4 30. Bxf4 Nxf4 31. Qd2 d4 32. cxd4 Nxg2 33. dxe5 Bxe5 34. Ng4 Bf4 35. Qc3 Nh4 36. Nf6+ Kg7 37. Ne4+ Kh6 38. Qc5 Nf3+ 39. Kg2 Ng5 40. f3 Qa2+ 41. Qf2 Qb3 42. Qh4+ Kg7 43. Qxf4 Nxe4 44. dxe4 Qxd1 45. Qc7+ Kf6 46. Qxb7 Qd2+ 1/2-1/2

[Event "Faakersee op 18th"]
[Site "Latschach"]
[Date "2002.08.10"]
[Round "1"]
[White "Porper, Edward"]
[Black "Turrin, Osvaldo"]
[Result "1-0"]
[WhiteElo "2428"]
[BlackElo "1895"]
[PlyCount "61"]
[EventDate "2002.08.??"]
[EventType "swiss"]
[EventRounds "9"]
[EventCountry "AUT"]
[SourceTitle "EXT 2006"]
[Source "ChessBase"]
[SourceDate "2005.11.24"]
[SourceVersion "1"]
[SourceVersionDate "2005.11.24"]
[SourceQuality "1"]

1. d4 d5 2. c4 e6 3. Nf3 Nf6 4. Nc3 Be7 5. Bf4 0-0 6. e3 c5 7. dxc5 Bxc5 8. Be2 Nc6 9. 0-0 dxc4 10. Bxc4 b6 11. Qe2 Bb7 12. e4 Nd7 13. Rad1 Qe7 14. a3 a5 15. e5 h6 16. Ne4 Rfd8 17. Bg3 Qf8 18. Bb5 Ncb8 19. Rd2 Bxe4 20. Qxe4 Ra7 21. Bd3 g6 22. Bc4 Re8 23. Rfd1 Qg7 24. Bb5 f5 25. exf6 Nxf6 26. Qe5 Rf8 27. Rd8 Na6 28. Qxe6+ Kh7 29. Bxa6 Rxd8 30. Rxd8 Rxa6 31. Be5 1-0

[Event "Caorle op-B"]
[Site "Caorle"]
[Date "1991.07.13"]
[Round "8.37"]
[White "Zangrando, Gianpietro"]
[Black "Turrin, Osvaldo"]
[Result "1/2-1/2"]
[WhiteElo "1749"]
[BlackElo "1851"]
[PlyCount "47"]
[EventDate "1991.07.05"]
[EventType "swiss"]
[EventRounds "8"]
[EventCountry "ITA"]
[SourceTitle "EXT 2023"]
[Source "ChessBase"]
[SourceDate "2022.10.05"]
[SourceVersion "1"]
[SourceVersionDate "2022.10.05"]
[SourceQuality "1"]

1. Nf3 Nf6 2. c4 e6 3. Nc3 d5 4. d4 Be7 5. e3 0-0 6. Bd3 Nbd7 7. 0-0 b6 8. cxd5 exd5 9. Bb5 Bb7 10. Bd2 Ne4 11. Qa4 Ndf6 12. Bc6 Bxc6 13. Qxc6 a6 14. Rfc1 Bd6 15. Be1 Re8 16. Kf1 Nxc3 17. Bxc3 Re6 18. Qa4 c5 19. dxc5 bxc5 20. Ng5 Re8 21. Qh4 h6 22. Nf3 Ne4 23. Qxd8 Raxd8 24. Rd1 1/2-1/2

[Event "Caorle op-B"]
[Site "Caorle"]
[Date "1991.07.11"]
[Round "6.18"]
[White "Viaggi, Giovanni"]
[Black "Turrin, Osvaldo"]
[Result "1-0"]
[WhiteElo "1977"]
[BlackElo "1851"]
[PlyCount "51"]
[EventDate "1991.07.05"]
[EventType "swiss"]
[EventRounds "8"]
[EventCountry "ITA"]
[SourceTitle "EXT 2023"]
[Source "ChessBase"]
[SourceDate "2022.10.05"]
[SourceVersion "1"]
[SourceVersionDate "2022.10.05"]
[SourceQuality "1"]

1. e4 e5 2. Nf3 Nc6 3. Bb5 Nd4 4. Bc4 Bc5 5. Nxd4 exd4 6. Bxf7+ Kf8 7. Bc4 Qe7 8. d3 Nf6 9. Bg5 h6 10. Bxf6 Qxf6 11. Nd2 Qg5 12. 0-0 b5 13. Bb3 a5 14. a3 Ra6 15. f4 Qh4 16. Nf3 Qe7 17. Ne5 g6 18. Qg4 Kg7 19. Qg3 h5 20. h4 a4 21. Bd5 Rf6 22. Nf3 c6 23. e5 Rff8 24. Be4 Qe8 25. f5 d5 26. f6+ 1-0

[Event "Caorle op-B"]
[Site "Caorle"]
[Date "1991.07.10"]
[Round "5.14"]
[White "Turrin, Osvaldo"]
[Black "Cetkovic, Srdjan"]
[Result "1/2-1/2"]
[WhiteElo "1851"]
[BlackElo "2000"]
[PlyCount "130"]
[EventDate "1991.07.05"]
[EventType "swiss"]
[EventRounds "8"]
[EventCountry "ITA"]
[SourceTitle "EXT 2023"]
[Source "ChessBase"]
[SourceDate "2022.10.05"]
[SourceVersion "1"]
[SourceVersionDate "2022.10.05"]
[SourceQuality "1"]

1. d4 d5 2. Nc3 Nf6 3. Bg5 c6 4. Bxf6 exf6 5. e3 Bf5 6. Bd3 Bg6 7. Nge2 Bd6 8. 0-0 Nd7 9. e4 dxe4 10. Nxe4 Bc7 11. Re1 0-0 12. N4g3 Nb6 13. Bxg6 fxg6 14. c3 Re8 15. Nc1 Qd5 16. Nd3 f5 17. Qb3 Qxb3 18. axb3 Rxe1+ 19. Rxe1 Kf7 20. Nc5 Rb8 21. Nf1 Bd6 22. Nd3 Nd5 23. g3 Re8 24. Rxe8 Kxe8 25. Nd2 b6 26. Nf3 Kd7 27. Kf1 Nf6 28. Ke2 Ne4 29. Nfe5+ Bxe5 30. Nxe5+ Kd6 31. f3 Nf6 32. Nd3 Nd7 33. c4 a5 34. Ke3 g5 35. Kd2 h5 36. Ke3 b5 37. f4 g4 38. Ne5 Nf6 39. Nf7+ Kc7 40. Ng5 Kd7 41. Kd3 Ke7 42. Ke3 b4 43. Kd3 Nd7 44. Kc2 Nf8 45. Kd3 Ng6 46. Ke3 h4 47. Kf2 h3 48. Kg1 Nf8 49. Kf2 Nd7 50. Ke3 Nb6 51. Kd3 Nd7 52. Ke3 Nb6 53. Kd3 Nc8 54. Ke3 Nd6 55. Kd3 Kf6 56. Nh7+ Ke7 57. Ng5 Nb7 58. Kc2 Nd8 59. Kd3 Kd6 60. Kd2 Ke7 61. Kd3 Nb7 62. Kc2 Nd6 63. Kd3 Nc8 64. Kd2 Nb6 65. Kd3 Nc8 1/2-1/2